Thao thức; T1 Tiểu thuyết

Salvato in:
Dettagli Bibliografici
Autore principale: Alexandre Krol
Natura: Libro
Lingua:Undetermined
Pubblicazione: Hà Nội Tác Phẩm Mới 1985
Soggetti:
Tags: Aggiungi Tag
Nessun Tag, puoi essere il primo ad aggiungerne! !
Thư viện lưu trữ: Trung tâm Học liệu Trường Đại học Cần Thơ
LEADER 00507nam a2200181Ia 4500
001 CTU_15892
008 210402s9999 xx 000 0 und d
082 |a 891.734 
082 |b K93/T1 
100 |a Alexandre Krol 
245 0 |a Thao thức; T1 
245 0 |b Tiểu thuyết 
245 0 |c Alexandre Krol, Hoàng Hữu Phê 
260 |a Hà Nội 
260 |b Tác Phẩm Mới 
260 |c 1985 
650 |a russian fiction 
980 |a Trung tâm Học liệu Trường Đại học Cần Thơ